000
00301nam a2200109Ia 4500
008
200302s9999 xx 000 0 und d
100
_a
Sylvia Leydecker
245
_a
Designing the Patient room a new approach to healthcare interiors
260
_b
Birkhauser Verlag Gmbh
260
_c
2017
300
_a
170
999
_c
6182
_d
6182